<?xml version="1.0" encoding="UTF-8"?>
<collection xmlns="http://www.loc.gov/MARC21/slim">
 <record>
  <leader>00547cam a2200169 7i4500</leader>
  <controlfield tag="001">0000079032</controlfield>
  <controlfield tag="005">20091112090000.0</controlfield>
  <controlfield tag="008">091112s2009    my                  may   </controlfield>
  <datafield tag="020" ind1="#" ind2="0">
   <subfield code="a">9789675136030 </subfield>
  </datafield>
  <datafield tag="090" ind1="0" ind2="0">
   <subfield code="a">PL 5138 .B3 </subfield>
   <subfield code="b">A3 2009</subfield>
  </datafield>
  <datafield tag="100" ind1="0" ind2="#">
   <subfield code="a">Baharuddin Bekri </subfield>
  </datafield>
  <datafield tag="245" ind1="0" ind2="0">
   <subfield code="a">Adi gempa : </subfield>
   <subfield code="b">evolusi  </subfield>
   <subfield code="c">Baharuddin Bekri.</subfield>
  </datafield>
  <datafield tag="260" ind1="#" ind2="#">
   <subfield code="a">Kuala Lumpur: </subfield>
   <subfield code="b">PTS Publications &amp; Distributors Sdn.Bhd., </subfield>
   <subfield code="c">2009.</subfield>
  </datafield>
  <datafield tag="300" ind1="#" ind2="#">
   <subfield code="a">331 p.; </subfield>
   <subfield code="c">19 cm..</subfield>
  </datafield>
  <datafield tag="650" ind1="0" ind2="0">
   <subfield code="a">Malay fiction </subfield>
  </datafield>
  <datafield tag="650" ind1="0" ind2="0">
   <subfield code="a">Science fiction -- </subfield>
   <subfield code="x">Malay </subfield>
  </datafield>
  <datafield tag="999" ind1=" " ind2=" ">
   <subfield code="a">1100071432</subfield>
   <subfield code="b">Book</subfield>
   <subfield code="c">Open Shelf</subfield>
   <subfield code="e">KOLEKSI TERBUKA</subfield>
  </datafield>
 </record>
</collection>
